All 39 canon sith - Star Wars - Statistics

General Stats
  • This quiz has been taken 92 times
  • The average score is 9 of 39
Answer Stats
Hint Answer % Correct
The chosen one Darth Vader
93%
Created the rule of 2 Darth bane
91%
Was sliced in half Darth maul
88%
The chancellor Darth Sidious
87%
Darth Sidious’ master Darth Plagueis
74%
Darth bane saw him as a second master even though he existed well before him Darth Revan
63%
Weakest sith Darth Tyranus
63%
Devoured an entire planet Darth Nihilus
57%
Darth plagueis’ master Darth Tenebrous
35%
Sith Lord known for his dark side practices and unique artistic expression Darth Momin
31%
Longest living sith Darth Vitiate
31%
Apprentice of Darth bane Darth Zannah
28%
Created the 2 sided lightsaber Exar kun
24%
Immortal God-King of Prakith Darth andeddu
21%
Claims to have no name and going by the alias "Qimir" in his public life The Stranger
18%
44th legion name after him Darth desolous
13%
The Massassi admired him as a god despite his poor treatment of them Naga Sadow
13%
Wielded two cross lightsabers Darth atrius
10%
Known as the ‘wither king’ Gol
10%
Released Darth Momin from prison Darth Shaa
7%
Appeared in count Dooku’s vision in the planet Asusto Darth Skrye
7%
Depicted in a statue chiseled into one of the interior rock walls of the Sith Citadel on Exegol Felkor
7%
He travelled to Exegol seeking to learn the secrets of immortality Darth Sanguis
6%
Created a gauntlet Neer
6%
Ruler of Onderon Ommin
6%
Originally known as Radaki and used a gold hilt Darth Krall
4%
A green-skinned Theelin female with blue hair and yellow eyes Darth Phobos
4%
He sought the power of the Echo Stone Darth Ravi
4%
Created the superweapon in the Sith Temple on the planet Malachor Darth Tanis
4%
He wrote a book Darth caldoth
3%
Had a fear the idea of growing old and no longer able to face a worthy opponent Darth Siberus
3%
Held the title of viceroy Exim panshard
3%
The only male twi’lek Ry Nymbis
3%
Known for her relentless pursuit of immortality Darth Noctyss
1%
He used the dark side to make things burn black Darth Quellus
1%
He reigned over the new sith triumvirate Darth Wrend
1%
Had the phrase ‘thank _______’ made after him Locphet
1%
Depicted in a statue chiseled into one of the interior rock walls of the Sith Citadel on Exegol Mindran
1%
Depicted in a statue chiseled into one of the interior rock walls of the Sith Citadel on Exegol Sissiri
1%
No matching quizzes found
Score Distribution
Percent of People with Each Score
Percentile by Number Answered
Your Score History
You have not taken this quiz